Técnica de resolución de casos penales /

Guardado en:
Autor Principal: Bacigalupo, Enrique
Formato: Libro
Idioma:Spanish
Publicado: Buenos Aires : Hammurabi, 2008
Edición:2a. ed.
Materias:
Etiquetas: Agregar Etiqueta
Sin Etiquetas, Sea el primero en etiquetar este registro!
LEADER 00564nam a22001695a 4500
001 DER.der011243
008 180615s2008####ag#||||||||||||||#||spa||
005 20250716153059.0
245 1 0 |a Técnica de resolución de casos penales /  |c Enrique Bacigalupo. 
250 |a 2a. ed. 
260 |a Buenos Aires :  |b Hammurabi,  |c 2008 
300 |a 250 p. 
500 |a Notas complementarias de referencia al Código Penal argentino de Silvina Bacigalupo. 
020 |a 9789508910936 
100 1 |a Bacigalupo, Enrique 
650 7 |a DERECHO PENAL 
859 |a DERECHO  |b BIB. DERECHO  |h 345  |i BAC  |p 006629